RC Celta de Vigo Squad 2019-2020 - Statistics

General Stats
  • This quiz has been taken 17 times
  • The average score is 20 of 29
Answer Stats
# Position Nation Player % Correct
10 FW Spain Iago Aspas
100%
4 DF Mexico Néstor Araújo
90%
12 MF Brazil Rafinha
90%
13 GK Spain Rubén Blanco
90%
1 GK Spain Sergio Álvarez
90%
9 FW France Claudio Beauvue
80%
6 MF Spain Denis Suárez
80%
8 MF Spain Fran Beltrán
80%
2 DF Spain Hugo Mallo
80%
21 DF Colombia Jeison Murillo
80%
18 DF Ghana Joseph Aidoo
80%
5 MF Turkey Okay Yokuşlu
80%
22 FW Spain Santi Mina
80%
9 FW Russia Fedor Smolov
70%
19 FW Uruguay Gabriel Fernández
70%
15 DF Uruguay Lucas Olaza
70%
14 MF Slovakia Stanislav Lobotka
70%
23 FW Spain Brais Méndez
60%
14 MF Croatia Filip Bradarić
60%
24 MF Senegal Pape Cheikh Diop
60%
11 FW Denmark Pione Sisto
60%
3 DF Spain David Costas
50%
17 DF Spain David Juncà
50%
- Coach Spain Fran Escribá
50%
25 GK Spain Iván Villar
50%
20 DF Spain Kevin Vázquez
50%
- Coach Spain Óscar García
50%
16 DF Spain Jorge Sáenz
20%
7 FW Spain Juan Hernández
20%
No matching quizzes found
Score Distribution
Percent of People with Each Score
Percentile by Number Answered
Your Score History
You have not taken this quiz